| 000 | 00737nam a2200241 i 4500 | ||
|---|---|---|---|
| 001 | C2-0200042 | ||
| 003 | PPAK | ||
| 005 | 20180728100341.0 | ||
| 008 | 990125s1997 my |||| ||||| | eng d | ||
| 020 | _a9837202971 | ||
| 040 |
_aPPAK _beng _cPPAK _erda |
||
| 082 | 0 | 4 |
_a658.562 _2 23 |
| 090 | 0 | 0 |
_a658.562 _bMAC _dG |
| 100 | 1 |
_aMacLean, Gray E., _eauthor |
|
| 245 | 1 | 0 | _aDocumenting quality for ISO 9000 and other industry standards |
| 264 | 1 |
_aKuala Lumpur : _bGolden Book Centre Sdn. Bhd. , _c1997 |
|
| 300 |
_axix, 231 pages ; _c23 cm |
||
| 336 |
_2rdacontent _atext |
||
| 337 |
_2rdamedia _aunmediated |
||
| 338 |
_2rdacarrier _avolume |
||
| 650 | 1 | 0 | _aISO 9000 Series Standards ; Quality control - Standards |
| 942 |
_ddc _cB |
||
| 999 |
_c156754 _d156754 |
||